000
00293nam a2200109Ia 4500
008
200302s9999 xx 000 0 und d
100
_a
Richard H. Penner and Others
245
_a
Hotel Design Planning and Development 2nd ed.,
260
_b
Taylor &Francis Group
260
_c
2013
300
_a
444
999
_c
3729
_d
3729